000 00318nam a2200133Ia 4500
008 210428s9999 xx 000 0 und d
082 _a532W571 F
100 _aFrank M.White
_910449
245 0 _aFluid Mechanics 6thed.
250 _a4th
260 _bMcGraw-Hill
_aPhoto copy
_c1999
300 _a826p
942 _cBK
999 _c560044
_d560044